000 00534nam a2200205Ia 4500
005 20230321144823.0
008 131103s9999 xx 000 0 und d
040 _aLoreto College
041 _aEnglish
082 _a822.8
_bCOO
100 _aCooper, Renad
245 _aNothing extenuate
_cRenad Cooper
260 _aLondon
_bBarrie and Rocklife
_c1964
300 _a259p.
504 _aincludes index
650 _aCooper, Frederick Fox - Biography
651 _aEnglish drama - criticism
850 _aLCLIB
942 _cBK
999 _c21938
_d72417